Quiz sulla Slovenia - Statistics

Statistiche generali
  • Questo quiz è stato fatto 1.043 volte
  • Il punteggio medio è 14 su 20
Statistiche sulle risposte
Hint Risposta % Corretto
Paesi confinanti Italia
99%
Paesi confinanti Austria
98%
Paesi confinanti Croazia
98%
Capitale Lubiana
97%
Lingua ufficiale Sloveno
97%
Moneta della Slovenia Euro
95%
Porzione del Mediterraneo che bagna la Slovenia Mar {Adriatico}
93%
Paesi confinanti Ungheria
92%
Paese dal quale la Slovenia ottenne l'indipendenza nel 1991 Yugoslavia
89%
Catena montuosa dove è situato questo monte {Alpi} Giulie
83%
Modella nata in Slovenia che è diventata First Lady degli USA {Melania} Trump
79%
Gruppo etnico che include, tra gli altri, gli sloveni, i russi e i polacchi Slavi
77%
La città di Nova Gorica confina direttamente con questa città italiana Gorizia
70%
Tra il 1880–1910 si stima che 1/6 degli sloveni sia emigrato, maggiormente in questo Paese Stati Uniti
61%
Salamandra acquatica cieca conosciuta come "Proteo" è diffusa in Slovenia. Dove la puoi trovare? In una {grotta}
38%
Seconda città più popolosa Maribor
37%
Tipologia di costruzione che puoi visitare nella piccola isola che sorge nel mezzo del lago Bled Chiesa
30%
Nomina uno dei maggiori fiumi che attraversano la Slovenia Sava | Drava | Mura
30%
Montagna più alta che compare anche sulla bandiera Monte {Triglav}
25%
Moneta precedente {Tallero} sloveno
24%
Nessun quiz corrispondente trovato
Distribuzione punteggi
Percentuale di utenti per punteggio
Percentile per numero di risposta
I tuoi punteggi nel tempo
Non hai fatto questo quiz